Govt. of
Madhya Pradesh

Normal view MARC view

Entry Personal Name

Number of records used in: 1

001 - CONTROL NUMBER

  • control field: 61130

003 - CONTROL NUMBER IDENTIFIER

  • control field: OSt

005 - DATE AND TIME OF LATEST TRANSACTION

  • control field: 20160601112033.0

008 - FIXED-LENGTH DATA ELEMENTS

  • fixed length control field: 160601|| aca||aabn | a|a d

040 ## - CATALOGING SOURCE

  • Original cataloging agency: OSt
  • Transcribing agency: OSt

100 ## - HEADING--PERSONAL NAME

  • Personal name: सांकृत्‍यान, महापण्डित राहुल

670 ## - SOURCE DATA FOUND

  • Source citation: Work cat.: (OSt)22813: सांकृत्‍यान, महापण्डित राहुल , पालि साहित्‍य का इतिहास , 1973